Normal view
MARC view
- Bachelor of Information Science and Computer Science
Entry Topical Term
001 - CONTROL NUMBER
- control field: 55495
003 - CONTROL NUMBER IDENTIFIER
- control field: NUST
005 - DATE AND TIME OF LATEST TRANSACTION
- control field: 20210625111957.0
008 - FIXED-LENGTH DATA ELEMENTS
- fixed length control field: 210625|| aca||aabn | a|a d
040 ## - CATALOGING SOURCE
- Original cataloging agency: NUST
- Transcribing agency: NUST
150 ## - HEADING--TOPICAL TERM
- Topical term or geographic name entry element: Bachelor of Information Science and Computer Science
670 ## - SOURCE DATA FOUND
- Source citation: Work cat.: (NUST): Anum Haroon. 55494, Face Detection ,Classification & Transformation /, 2012.
